National geographic, the photographs

Bibliographic Details
Main Author: Bendavid-val, Lean
Format: Book
Subjects:

MARC

LEADER 00000cam a2200000 7i4500
001 0000010949
005 20050429.0
020 |a 0870449869 
040 |a INS 
090 0 0 |a TR790.   |b B46 
100 1 |a Bendavid-val, Lean 
245 1 0 |a National geographic, the photographs   |c Lean Bendavid-val 
300 |a 336p :   |b 30cm 
650 0 0 |a Documentary photography 
650 0 0 |a Travel photography 
999 |a 0000010852   |b BOOK   |c Open Shelf   |e Default branch